| 000 | 00899nam a2200229 a 4500 | ||
|---|---|---|---|
| 001 | 49200 | ||
| 003 | BD-RjUL | ||
| 005 | 20211209054641.0 | ||
| 008 | 160919s1967 ru a|||| |||| 00| 0 ben d | ||
| 035 | _a(BD-RjUL) 49319 | ||
| 040 |
_aBD-RjUL _bben _cBD-RjUL |
||
| 041 | _aben | ||
| 082 |
_223 _a791.32 _bEDA 1967 |
||
| 100 |
_aএদের, বরিস _9156708 |
||
| 245 | 1 | 0 |
_aআমার পশু বন্ধুরা / _cবরিস এদের, ফল্গু কর অনূদিত |
| 260 |
_aমস্কো : _bবিদেশী ভাষায় সাহিত্য প্রকাশালয়, _c১৯৬৭ |
||
| 300 |
_a১১৪ পৃ. : _bচিত্র ; _c১৯ সেমি. |
||
| 650 |
_aসার্কাস _9156709 |
||
| 650 |
_aAnnimal performance _vCircuses _9156710 |
||
| 700 |
_aকর, ফল্গু অনূদিত _9156711 |
||
| 942 |
_2ddc _cBK |
||
| 999 |
_c49200 _d49200 |
||